Nine Lives of A Cat/ (Record no. 179880)

MARC details
000 -LEADER
fixed length control field 00505nam a22001817a 4500
005 - DATE AND TIME OF LATEST TRANSACTION
control field 20210713113443.0
010 ## - LCCN (DPL NO)
LC control number ENG-129543
020 ## - INTERNATIONAL STANDARD BOOK NUMBER
Terms of availability 550.00
International Standard Book Number 978-93-88658-09-6
035 ## - SYSTEM CONTROL NUMBER
System control number EN-113075
037 ## - SOURCE OF ACQUISITION
Source of stock number/acquisition DBAD/PUB
082 ## - DEWEY DECIMAL CLASSIFICATION NUMBER
Classification number N
100 ## - MAIN ENTRY--PERSONAL NAME
Personal name Suresh Hinduja
245 ## - TITLE STATEMENT
Title Nine Lives of A Cat/
Statement of responsibility, etc by Suresh Hinduja
260 ## - PUBLICATION, DISTRIBUTION, ETC. (IMPRINT)
Place of publication, distribution, etc Delhi
Name of publisher, distributor, etc National paperbacks
Date of publication, distribution, etc 2018
270 ## - ADDRESS
City New Delhi
Address 1, Ansari road, darya ganj
Telephone number 9395314841
Postal code 110002
300 ## - PHYSICAL DESCRIPTION
Extent 193p;
Dimensions 23cm(hbk)
942 ## - ADDED ENTRY ELEMENTS (KOHA)
Source of classification or shelving scheme Dewey Decimal Classification
Item type English Books
Classification part N
Call number suffix HIN
Holdings
Withdrawn status Lost status Not for loan Collection code Home library Current library Date acquired Source of acquisition Cost, normal purchase price Full call number Barcode Copy number Cost, replacement price Koha item type
      Fiction Central Library Central Library 13/07/2021 DBAD/PUB 550.00 N HIN EN-113075 1 550.00 English Books

© Delhi Public Library
Hit Counter
free hit counter